UBT Library

PHARMACOLOGY (Record no. 5775)

000 -LEADER
fixed length control field 00280nam a22001337a 4500
008 - FIXED-LENGTH DATA ELEMENTS--GENERAL INFORMATION
fixed length control field 170220b xxu||||| |||| 00| 0 eng d
020 ## - INTERNATIONAL STANDARD BOOK NUMBER
International Standard Book Number 9780073122755
041 ## - LANGUAGE CODE
Language code of text/sound track or separate title eng
080 ## - UNIVERSAL DECIMAL CLASSIFICATION NUMBER
Edition identifier 5TH
Universal Decimal Classification number 615
100 ## - Rafti
Rafti 5
101 ## - Shkurtesa
Shkurtesa SHF
245 ## - TITLE STATEMENT
Title PHARMACOLOGY
Statement of responsibility, etc HITNER
942 ## - ADDED ENTRY ELEMENTS (KOHA)
Source of classification or shelving scheme
Item type Books

No items available.

UBT Library © 2015-2024. All rights reserved University Education for Business and Technology